Statistics for Longest Running UK TV shows

Click here to take the quiz!

General Stats

  • This quiz has been taken 1,941 times
  • The average score is 9 of 23

Answer Stats

Duration Category Answer % Correct
1960-presentSoap OperaCoronation Street
90%
1963-1989, 1996, 2005-presentScience Fiction SeriesDoctor Who
78%
1977-2001, 2002-presentAutomotive SeriesTop Gear
77%
1964-2006Music ShowTop of the Pops
74%
1958-presentChildrens ShowBlue Peter
71%
1972-presentChildren's News ShowNewsround
70%
1964-presentSportMatch of the Day
69%
1986-presentMedical DramaCasualty
68%
2000-2010; 2011-presentReality TVBig Brother (UK)
67%
1953-presentCurrent Affairs SeriesPanorama
39%
1954-presentNews ShowBBC News
34%
1988-1993; 1997-1999; 2009-presentSci-Fi SitcomRed Dwarf
32%
1962-1987; 1994-presentQuiz ShowUniversity Challenge
32%
1982-presentGame ShowCountdown
28%
1973-2010SitcomLast of the Summer Wine
25%
1957-presentScience ShowThe Sky at Night
21%
1972-presentEntertainment ReviewThe Film Programme
19%
1969-2007Travel ShowHoliday
18%
1966-presentFinance ShowThe Money Programme
12%
1983-presentPolice DramaTaggart
6%
1996-presentDramaSilent Witness
5%
1981-presentHistory SeriesTimewatch
2%
1987-1997: 2003Discussion SeriesAfter Dark
1%

Score Distribution

Percentile by Number Answered

Percent of People with Each Score

Your Score History

You have not taken this quiz